[Event "FRA-ch"]
[Site "Narbonne"]
[Date "1997.08.18"]
[Round "4"]
[White "Bricard, Emmanuel"]
[Black "Vaisser, Anatoli"]
[Result "0-1"]
[WhiteElo "2350"]
[BlackElo "2575"]
[Annotator "Tsesarsky,I"]
[PlyCount "110"]
[EventDate "1997.08.15"]
[EventType "tourn"]
[EventRounds "15"]
[EventCountry "FRA"]
[EventCategory "9"]
[SourceTitle "CBM 061"]
[Source "ChessBase"]
[SourceDate "1997.11.23"]
[SourceVersion "1"]
[SourceVersionDate "1997.11.23"]
[SourceQuality "1"]

1. Nf3 d5 2. c4 e6 3. d4 c6 4. Qc2 dxc4 5. Qxc4 Nf6 6. g3 b5 7. Qc2 Bb7 8. Bg2
Nbd7 9. O-O c5 10. a4 a6 (10... b4 11. Bg5 Rc8 12. dxc5 Bxc5 13. Qd3 (13. Qd1
O-O 14. Nbd2 h6 $15 {0-1 Heinig,W-Tischbierek,R/BL 1994 (34)}) 13... O-O 14.
Nbd2 h6 (14... Qc7 15. Nb3 Be4 16. Qd2 Be7 17. Rfc1 Qb7 $11 {1-0 Prokopishin,
V-Taskovits,I/HUN-chT2 1994 (46)}) 15. Bxf6 Nxf6 16. Qxd8 Rfxd8 17. Nb3 Ne4 $11
{1/2-1/2 Verat,L-Prie,E/Cannes op 1994 (53)}) (10... cxd4 11. Nxd4 Rc8 12. Qd3
Bxg2 13. Kxg2 b4 14. Nb5 Qb6 15. Be3 Qb7+ 16. Kg1 a6 17. Nd6+ Bxd6 18. Qxd6 Nd5
$17 {[%csl Rd6][%cal Gc8c6] 1-0 Czanderle,G-Chuchelov,V/Berliner Sommer 1996 
(43)}) 11. Bg5 (11. axb5 Be4 (11... axb5 12. Rxa8 Qxa8 13. Na3 Qa6 14. dxc5
Bxc5 15. Ne1 Bxg2 16. Nxg2 O-O 17. Qb3 b4 18. Nc4 Rc8 $11 {1/2-1/2 Vanheste,
J-Kuijf,M/Nederland tt 1996 (70)}) 12. Qd1 axb5 13. Rxa8 Bxa8 14. Bg5 Be7 15.
Na3 b4 16. Nc4 O-O 17. dxc5 Bxc5 18. Nfe5 Bxg2 19. Kxg2 Qa8+ 20. Kg1 Nxe5 21.
Nxe5 Ne4 $11 {0-1 Dobosz,H-Seifert,H/POL-chT Mikolajki 1991 (33)}) 11... Rc8
12. axb5 axb5 13. Qb3 (13. Bxf6 gxf6 14. Qb3 Qb6 15. Na3 Bc6 16. dxc5 Bxc5 17.
Nd2 Bxg2 18. Kxg2 Rb8 19. Ne4 Be7 20. Kg1 $14 {Shipov,S-Maksimenko,A/
Norresundby op 1993/EXT 93op/1/2-1/2 (62)} (20. Rfd1 f5 21. Nd2 O-O 22. Nf3
Rfd8 23. Nd4 $14)) 13... Qb6 14. Nc3 (14. Na3 Bc6 15. Bxf6 Nxf6 (15... gxf6
$132) 16. Nc4 Qb8 17. Nce5 Bd5 $11) 14... cxd4 15. Bxf6 (15. Nxb5 $5 Nc5 $1 16.
Qb4 (16. Qc4 Bd5 17. Qb4 Bxf3) 16... Bxf3 17. Bxf3 (17. exf3 Rb8 18. Bxf6 gxf6
19. Qxd4 Qxb5 20. Qxf6 Qxb2 $19) 17... Nce4 18. Nd6+ $1 Qxd6 19. Qb7 Qb8 (19...
Rb8 20. Ra8 $18) 20. Bxe4 Nxe4 21. Qxe4 Bc5 22. Rfb1 $14) 15... gxf6 (15...
dxc3 16. Bxc3 $14) 16. Nxb5 Bxf3 (16... Nc5 17. Qb4 Ba6 (17... d3 18. exd3 Nxd3
(18... Ba6 19. d4 Bxb5 20. Rfc1 $1 $16) 19. Nd6+ $1 Qxd6 20. Qxb7 $16) (17...
Bxf3 18. Bxf3 Rb8 19. Qa5 $1 $16) 18. Nfxd4 e5 19. Rxa6 $1 Qxa6 (19... Nxa6 20.
Qa4 $1 $18) 20. Nf5 Ne4 21. Qxe4 Qxb5 22. Ra1 $16) (16... Bd5 17. Qa4 $8 Rc4 (
17... d3 18. exd3 Ra8 19. Qxa8+ Bxa8 20. Rxa8+ Ke7 (20... Nb8 21. Rc1 $18) 21.
Nfd4 $16) 18. Qa5 $16) 17. Bxf3 Rb8 18. Rfc1 $5 (18. Ra8 Rxa8 (18... Bc5 19.
Rxb8+ Qxb8 20. Rc1 Ke7 (20... O-O 21. Bc6 $18) 21. Bc6 Rc8 22. Bxd7 Kxd7 23.
Qc4 Bb6 24. Qxc8+ Qxc8 25. Rxc8 Kxc8 26. Nd6+ Kd7 27. Nxf7 $16) 19. Bxa8 Bc5
20. Qa4 O-O 21. Bg2 (21. Be4 Rb8 22. Bd3 Ne5 $15) 21... Rb8 22. Nxd4 Bxd4 23.
Qxd7 Qxb2 $11) 18... Bc5 (18... Qxb5 19. Rc8+ Ke7 20. Qxb5 Rxb5 21. Ra7 Bg7 22.
Bc6 (22. Rcc7 Rd8 23. Bc6) 22... Rd5 23. Rcc7 Rd8 24. Bxd5 exd5 $132) 19. Qc4 (
19. Be4 d3 20. Bxd3 (20. e3 d2 $17) 20... Bxf2+ 21. Kg2 Nc5 22. Qc3 Nxd3 23.
Qxd3 O-O $15) 19... O-O (19... d3 $5 20. Ra6 Bxf2+ 21. Kg2 Qxb5 (21... Qe3 22.
Nd6+ Kf8 23. Qc7 Kg7 24. Qxd7 Rhf8 25. Rc3 Bg1 26. Ne4 $18) 22. Qxb5 Rxb5 23.
Ra8+ (23. Rc8+ Ke7 24. Rxh8 d2 25. Ra1 Bd4 26. Rd1 Rxb2 27. Rxh7 Ne5 $15) 23...
Ke7 24. Rxh8 Be3 25. Rd1 dxe2 26. Bxe2 Rxb2 27. Kf1 Nf8 $11) 20. b4 Be7 21.
Nxd4 (21. Ra5 Ne5 22. Qxd4 Nxf3+ 23. exf3 Qxd4 24. Nxd4 Bxb4 $11) 21... Ne5 22.
Qc3 (22. Qc7 Bxb4 $11) 22... Bxb4 23. Qb2 $2 (23. Qe3 Rfd8 24. Nc6 Qxe3 25.
fxe3 Bd2 26. Kf2 Nxc6 27. Rxc6 Rb3 28. e4 $11) 23... Rfd8 $17 24. Nb3 Bc5 25.
Rab1 (25. Rxc5 Qxc5 26. Bg2 Rb6 $19) 25... Bxf2+ 26. Kg2 Be3 27. Rc2 Kg7 $6 (
27... Nxf3 28. exf3 Rd3 29. Na5 Qxb2 30. Rbxb2 Rxb2 31. Rxb2 $17) 28. Qa2 Qd6
29. Na5 Nxf3 (29... Rxb1 30. Qxb1 Qd1 31. Qxd1 Rxd1 32. Nc4 Rg1+ (32... Nxf3
33. exf3 Ba7 $17) 33. Kh3 Nxf3 34. exf3 Bd4 $17) 30. exf3 Ra8 31. Qb3 Rxa5 32.
Qxe3 Re5 33. Qc3 (33. Qf2 Rd7 $17) 33... Qd5 34. Re1 Rc8 35. Qxc8 Rxe1 36. Qc4
Qxc4 37. Rxc4 Re2+ 38. Kh3 $2 (38. Kg1 e5 $17) 38... h5 $1 $19 {[%csl Rh3]} 39.
g4 (39. f4 e5 $19) 39... hxg4+ 40. Rxg4+ (40. fxg4 Kg6 41. Kg3 (41. Rf4 Kg5 42.
Rf3 Re4 $19) 41... Re3+ 42. Kf2 Rb3 43. h4 f5 $19) 40... Kh6 41. Kg3 f5 42. Rg8
e5 43. Ra8 (43. h4 f4+ 44. Kh3 Rf2 $19) 43... f4+ 44. Kg4 Kg6 45. Rg8+ Kf6 46.
Ra8 Rg2+ 47. Kh3 Rg1 48. Ra6+ Ke7 49. Ra7+ Ke6 50. Ra6+ Kd5 51. Ra5+ Kd4 52.
Ra4+ Kd3 53. Re4 f6 54. Kh4 Rg2 55. Kh3 Re2 0-1

[Event "EU-ch 2nd"]
[Site "Ohrid"]
[Date "2001.06.01"]
[Round "1"]
[White "Malakhatko, Vadim"]
[Black "Akopian, Vladimir Eduardovic"]
[Result "0-1"]
[WhiteElo "2524"]
[BlackElo "2654"]
[Annotator "Tsesarsky,I"]
[PlyCount "66"]
[EventDate "2001.06.01"]
[EventType "swiss"]
[EventRounds "13"]
[EventCountry "YUG"]
[SourceTitle "CBM 084"]
[Source "ChessBase"]
[SourceDate "2001.09.13"]
[SourceVersion "1"]
[SourceVersionDate "2001.09.13"]
[SourceQuality "1"]

1. d4 d5 2. c4 c6 3. Nf3 Nf6 4. e3 e6 5. Bd3 Nbd7 6. Nbd2 $11 {This
continuation is too modest and can't be recommended. Black has convenient game.
} c5 ({Another mainlines are:} 6... dxc4) (6... Bd6) (6... Be7) 7. O-O ({
In couple of games White played} 7. b3 $5 {[%cal Gc1b2]} cxd4 $1 {Logical
continuation! If White intends to develop Bc1 to b2, so Black can open c1-h6
diagonal!} (7... Be7 8. Bb2 O-O 9. Qe2 Re8 10. O-O Nf8 11. Ne5 N6d7 12. f4 f6
$11 {1-0 Koblencs,A-Barta,J/Brno 1937/EXT 98 (64)}) (7... g6 8. O-O Bg7 9. Ba3
b6 10. cxd5 Nxd5 11. Ne4 $14 {1-0 Petrosian,T-Ivkov,B/URS 1979/MCD (35)}) (7...
b6 8. O-O Bb7 9. cxd5 exd5 10. Bb2 Be7 11. dxc5 bxc5 $132 {1/2-1/2 Langeweg,
K-Seret,J/Marbella 1982/MCD (35)}) 8. exd4 b6 9. Bb2 (9. O-O Bb7 10. Qe2 Be7
11. Bb2 O-O 12. Rad1 (12. Ne5 Rc8 $132) (12. Rfe1 Nh5 13. Qe3 g6 14. Rac1 Rc8
15. a4 Re8 $132 {1/2-1/2 King,D-Bagirov,V/Baku 1986/EXT 97 (33)}) 12... Re8 (
12... Rc8 13. Ng5 $1 Re8 14. Ndf3 dxc4 $5 (14... h6 15. Nxe6 $1 fxe6 16. Qxe6+
Kh8 17. Ne5 Nxe5 18. dxe5 Nh7 19. Qg4 $16 {1-0 Kharitonov,A-Fomichenko,E/
Krasnodar 1998/EXT 2000 (28)})) 13. Ne5 Nf8 14. Ndf3 Bd6 15. Ng5 Re7 16. f4
$132 {1/2-1/2 Bobotsov,M-Mohrlok,D/Vrnjacka Banja 1967/EXT 98 (18)}) 9... Bb7
10. O-O Bd6 11. Qe2 O-O $132 {0-1 Rivas Pastor,M-Akopian,V/Leon 1995/CBM 48 
(40)}) (7. cxd5 {-see comkmented game 1-0 Speelman,J-Koskinen,H/Copenhagen
1996/CBM 54 [Ftacnik](26)}) 7... Be7 (7... cxd4 8. exd4 Be7 9. Ne5 (9. c5 O-O
10. Qc2 a5 11. b3 Nb8 12. Bb2 Nc6 13. a3 b6 $132 {1-0 Alatortsev,V-Lilienthal,
A/Moscow 1945/HCL (56)}) 9... O-O 10. b3 dxc4 11. Ndxc4 Nd5 12. Bb2 Qe8 $132 {
1-0 Havasi,K-Rivier,J/The Hague 1928/EXT 2000/[ChessBase] (27)}) (7... b6 8.
cxd5 exd5 9. e4 {-see commented game Euwe,M-Speijer,A/NLD-ch 1924/CBM 67
[Kasparov] (22)}) (7... Bd6 8. cxd5 (8. e4 dxe4 (8... cxd4 9. cxd5 e5 10. Nc4
$14 {1/2-1/2 Maccioni Seisdedos,A-Letelier Martner,R/Mar del Plata 1946/MCL 
(18)}) 9. Nxe4 Be7 10. Nxc5 Nxc5 11. dxc5 Bxc5 $11 {0-1 Alvarez Ibarra,
R-Alonso Martinez,T/Cordoba 1995/EXT 2000 (27)}) 8... exd5 9. e4 dxe4 10. Nxe4
Nxe4 11. Bxe4 O-O 12. Bg5 Qc7 $1 $132 (12... Be7 $2 13. Bxe7 Qxe7 14. Re1 $16 {
1-0 Mikhalchishin,A-Soln,P/Bled 1997/CBM 57 ext (48)})) 8. e4 (8. b3 cxd4 (8...
b6 9. Bb2 Bb7 $132 {0-1 Reinhardt,E-Shocron,R/Bariloche 1953/MCD (19)}) 9. Nxd4
Ne5 10. Be2 dxc4 11. Nxc4 Nxc4 12. Bxc4 O-O $11 {0-1 Takacs,S-Becker,A/Vienna
1928/HCL (33)}) (8. cxd5 exd5 9. b3 cxd4 10. exd4 O-O 11. Bb2 Ne8 (11... Re8
12. Ne5 Bb4 $132 {1-0 Alekhine,A-Soultanbeieff,V/Folkestone 1933/EXT 2000 (37)!
}) 12. Ne5 Nd6 13. Rc1 Nf6 14. Qc2 Be6 $11 {1/2-1/2 Xu Jun-Vera,R/Portoroz
1987/CBM 05 (31)}) (8. Qe2 cxd4 (8... O-O 9. Rd1 (9. b3 b6 10. Bb2 Bb7 $132 {
1/2-1/2 Stocek,J-Rabinovich,A/Budapest 1998/EXT 99 (53)}) 9... Qc7 10. b3 e5
11. dxe5 Nxe5 12. Bb2 Nxd3 13. Qxd3 Rd8 $11 {0-1 Hernando Rodrigo,J-Oms
Pallise,J/Barcelona 1994/EXT 98 (40)}) 9. exd4 dxc4 10. Nxc4 Nb6 11. Nce5 O-O
12. Rd1 Nbd5 $132 {1/2-1/2 Bolbochan,J-Villegas,B/Buenos Aires 1935/HCL (40)})
(8. Qc2 cxd4 9. exd4 b6 10. cxd5 Nxd5 11. Bxh7 Ba6 12. Re1 Rc8 13. Qb1 N7f6 $44
{1/2-1/2 Tal,M-Nei,I/Tallinn 1979/MCD (19)}) 8... dxe4 9. Nxe4 cxd4 10. Nxd4
Nc5 {[%csl Rd3,Rd4][%cal Gc5d3]} 11. Nxc5 $8 Qxd4 $6 $14 {We can suggest,
Black understood that his position is equal, and wanted to comlicate the game,
not to satisfy by draw.} (11... Bxc5 12. Nf3 $11) 12. Be3 $1 ({Reliable was} 
12. Nb3 $6 Qh4 13. Nd2 $11 {[%cal Gd2f3]}) 12... Qxb2 13. Rb1 $1 ({Badly is} 
13. Qa4+ $2 Kf8 $1 $17 14. Rab1 Qe5 $17 {[%csl Rc5][%cal Gf6g4]}) 13... Qe5 14.
Nxb7 $8 O-O 15. Qf3 Qc7 16. Nc5 ({Natural and strong was} 16. Rb3 {[%cal Gf1b1]
} Rb8 (16... e5 17. Nd8 $1 Rxd8 18. Qxa8 Bf5 19. Qxd8+ $1 Bxd8 20. Bxf5 $14)
17. Rfb1 e5 18. h3 $14) 16... Rb8 17. Rxb8 Qxb8 18. Ne4 (18. Rb1 Qc7 19. Nb7
Bd7 $132) 18... Rd8 19. Nxf6+ ({Or} 19. Bg5 Bb7 (19... Qc7 20. Nxf6+ gxf6 21.
Bh6 $14) 20. Bxf6 gxf6 21. Rb1 Rd7 22. c5 Qe5 23. Rxb7 Rxb7 24. Nxf6+ Bxf6 25.
Qxb7 Qxc5 $11) 19... Bxf6 20. Be4 Qc7 21. c5 (21. Rc1 $132) 21... Bd4 $2 $16 {
[%mdl 8192]} (21... Be5 $132) 22. Bxd4 $2 $14 {[%csl Rc5][%mdl 8192]} ({
Both of sides just overlooked next simple tactical impact!} 22. Bxh7+ $1 Kxh7
23. Qe4+ Kg8 (23... f5 24. Qh4+ Kg8 25. Bxd4 $16) 24. Bxd4 $16) 22... Rxd4 23.
Qe3 $2 $17 {[%csl Rg1][%cal Ra1h1] Loses Pc5 by force. White didn't take into
account the first horisontal weakness...} ({Right was} 23. Rc1 e5 24. c6 $14)
23... Qxc5 $1 24. Rc1 Bd7 $1 25. h3 (25. Rxc5 $2 Rd1+ $19) 25... Qd6 $8 26. Bf3
h6 27. Rb1 a5 28. Qc3 (28. Rb8+ Qxb8 29. Qxd4 Qc7 30. a3 e5 $17) 28... a4 29.
Qa5 (29. Rb8+ Kh7 (29... Qxb8 30. Qxd4 Qc7 31. a3 $17) 30. Rd8 e5 $17) 29...
Kh7 30. Qa8 $2 $19 {This "activity" leads to fast crush.} ({More stubborn was} 
30. Qe1 $17) 30... Rd2 31. Rb8 (31. Qe4+ f5 32. Qc4 (32. Qe3 Rxa2 $19) 32... a3
$1 (32... e5 $6 33. Bh5 $1 {[%csl Rf7,Rg6,Rh7][%cal Gc4f7]} e4 34. Qf7 e3 $1
35. fxe3 Qg3 36. Bf3 Qf2+ 37. Kh1 Qxe3 38. a3 $17) 33. Qc3 e5 $19) 31... Qd4
32. Rh8+ (32. Qe4+ Qxe4 33. Bxe4+ f5 34. Bb1 Bc6 $19) 32... Kg6 33. Kh2 Rxf2
0-1

[Event "Olympiad-33"]
[Site "Elista"]
[Date "1998.10.05"]
[Round "7.4"]
[White "Kaidanov, Gregory S"]
[Black "Ponomariov, Ruslan"]
[Result "1/2-1/2"]
[WhiteElo "2625"]
[BlackElo "2585"]
[Annotator "Tsesarsky,I"]
[PlyCount "93"]
[EventDate "1998.09.29"]
[EventType "team-swiss"]
[EventRounds "13"]
[EventCountry "RUS"]
[SourceTitle "CBM 068"]
[Source "ChessBase"]
[SourceDate "1999.02.01"]
[SourceVersion "1"]
[SourceVersionDate "1999.02.01"]
[SourceQuality "1"]
[WhiteTeam "US of America"]
[BlackTeam "Ukraine"]
[WhiteTeamCountry "USA"]
[BlackTeamCountry "UKR"]

{[%mdl 1044]} 1. d4 d5 2. c4 e6 3. Nf3 c5 4. cxd5 exd5 5. g3 Nf6 6. Bg2 Be7 7.
O-O O-O 8. Be3 c4 9. b3 cxb3 10. Qxb3 Nc6 11. Ne5 Na5 (11... a6 12. Nxc6 bxc6
13. Rc1 (13. Nd2 Be6 14. Qc2 Ng4 15. Nb3 (15. Bf4 g5 16. Be3 Qd6 17. Nb3 Nxe3
18. fxe3 f5 $132) 15... Nxe3 16. fxe3 Bg5 $132 {1/2-1/2 Epishin,V-Vladimirov/
Tashkent 1987 (52)}) 13... Bg4 14. Qc2 $14) (11... Bd6 12. Nxc6 (12. f4 Ng4 (
12... Bf5 13. Nc3 (13. Qxb7 $2 Nb4 $15) 13... Nb4 14. Rac1 Rc8 15. a3 Nc2 16.
Rxc2 Bxc2 17. Qxc2 Qa5 18. Bd2 Qxa3 19. Rb1 $14 {1-0 Bartels,F-Lippert Frank/
Bayern RL-NW9495 1994 (30)}) 13. Nxg4 (13. Bxd5 Bxe5 14. fxe5 Nxe3 15. Bxf7+
Kh8 16. Qxe3 Nxd4 17. Na3 Nf5 18. Qb3 Qd4+ 19. e3 Nxe3 20. Nb5 Qb6 21. Nd6
Nxf1+ 22. Qxb6 axb6 23. Rxf1 Bh3 $17) 13... Bxg4 14. Nc3 Re8 15. Bf2 Bxe2 16.
Nxe2 Rxe2 17. Rfe1 Rxe1+ 18. Rxe1 Ne7 19. Qxb7 a5 $11) 12... bxc6 13. Nc3 (13.
Bg5 h6 14. Bxf6 Qxf6 15. e3 Ba6 16. Rd1 (16. Rc1 Rab8 (16... Bc4 17. Qc2 $14)
17. Qc2 Rb6 18. Nd2 Rc8 $11) 16... Qf5 17. Nd2 Rab8 18. Qc3 $11 {1-0 Petrosian,
A-Jelen,I/Ptuj 1993/Inf 59 (43)}) 13... Qe7 14. Qa4 Bd7 15. Bg5 Bb4 16. Bxf6
gxf6 17. Rfc1 $16 {1-0 Rajkovic,D-Estremera,P/Leon SPA 1988 (42)}) (11... Qb6
12. Nc3 Qxb3 13. axb3 Be6 14. Nb5 a5 (14... Nxe5 15. dxe5 Ng4 16. Bxa7 $16) 15.
Nc7 Ra7 16. Nxe6 fxe6 17. Bh3 Nd8 18. Rfc1 $14 {1-0 Klinger,J-Brunner,L/
SUI-chI ,EXT 1989 (29)}) 12. Qd3 (12. Qa4 a6 13. Bd2 Nc4 14. Nxc4 b5 15. Qa5 (
15. Ba5 Qe8 16. Qc2 bxc4 17. Nc3 Be6 18. Rab1 Qd7 19. Qa4 Qxa4 20. Nxa4 Rab8
$132 {0-1 Hoelzl,F-Lendwai,R/AUT-ch ,EXT 1991 (42)}) 15... bxc4 16. Qxd8 Bxd8
17. Rc1 Bg4 18. Nc3 Ba5 19. f3 $14 {1/2-1/2 Tatai,S-Klinger,J/Graz 1984 (36)})
12... g6 (12... Be6 13. Nd2 (13. Nc3 a6 14. g4 $5 $132 {Tiviakov,S-Lputian,S/
Rostov na Donu 1993/Inf 59 (14)}) 13... Rc8 14. Rfc1 Qd6 15. a4 $132 {1/2-1/2
Benko,P-Dankert,P/Augsburg 1992 (21)} (15. Rab1 Qa3 16. Qxa3 Bxa3 17. Rxc8 Rxc8
$15)) 13. Nc3 Bf5 14. Qd2 (14. Qb5 a6 15. Qb2 Rc8 16. Bg5 Be6 (16... b5 $2 17.
Bxf6 Bxf6 18. Nxd5 Bxe5 (18... Bg7 19. Rac1 f6 20. Rxc8 Bxc8 21. Nd3 Nc4 22.
Qb4 $16) 19. dxe5 Rc2 20. Qa3 Rxe2 21. Rfe1 Rxe1+ 22. Rxe1 Be6 23. Rd1 $14) 17.
Rac1 Rc7 (17... b5 18. Bxf6 Bxf6 19. Nxd5 $1 $16) 18. Qb6 (18. e4 Nxe4 19. Nxe4
Rxc1 20. Rxc1 Bxg5 21. Nxg5 Qxg5 22. f4 Qd8 $15) 18... Rc8 $14) 14... a6 15.
Bg5 $14 (15. Rac1 $14) 15... Be6 (15... Nc6 16. Bxf6 Bxf6 17. Nxd5 Bxe5 18.
dxe5 Nxe5 19. Qb2 $16) 16. f4 $6 $132 {This move is connected with the play in
King Side.} (16. e3 $5 $14) (16. Rfc1 $142 $14 {[%csl Rb7,Rd5]}) 16... Re8 (
16... Rc8 $132) 17. Rad1 Rc8 18. e4 dxe4 19. Bxf6 Bxf6 20. Nxe4 Nc4 $2 (20...
Bg7 $1 21. Nc5 (21. d5 Bf5 22. d6 Nc4 $1 $15) 21... Bc4 $5 22. Rfe1 b6 $1 23.
Ne4 Bd5 $15) 21. Qf2 $2 $15 (21. Nxf6+ Qxf6 22. Qf2 $14 {[%csl Rd5][%cal Gd4d5]
}) 21... Nd6 $2 (21... Be7 22. d5 Bf5 $15) 22. Nc5 $2 $132 (22. Nxd6 Qxd6 23.
Bxb7 Rb8 (23... Rc7 24. Bg2 $16) 24. Bg2 Qa3 25. d5 Bf5 26. Rd2 Bd8 27. Kh1 Bb6
28. Qf3 $16) 22... Rc7 23. Rb1 (23. Nxe6 Rxe6 24. Rfe1 $132) 23... Bc8 24. a4 (
24. Rfd1 $132) 24... Rce7 25. Rfd1 (25. Rfe1 Bg7 $132 (25... b6 $5 26. Ncd3 Bf5
(26... Bd7 $2 27. Nb4 {[%csl Rc6]} Nf5 28. Nbc6 Bxc6 29. Bxc6 Rf8 30. d5 $16)
27. Rbd1 Bd7 28. Nb4 Bxa4 29. Ra1 Bb5 30. Nbc6 Bxc6 31. Bxc6 Rf8 32. Rxa6 Nf5
33. d5 Qd6 34. Rxb6 Bxe5 35. fxe5 Rxe5 $11)) 25... Bg7 26. Re1 (26. Bd5 $5 $132
) 26... f6 27. Ned3 (27. Bd5+ Kh8 28. Nf3 b6 29. Rxe7 Rxe7 30. Nb3 Bf5 $15) (
27. Nf3 b6 28. Rxe7 Rxe7 29. Nd3 Nf5 $15) 27... b6 28. Rxe7 Rxe7 29. Nb4 $1 $11
(29. Nb3 Ne4 $15) 29... bxc5 30. Nc6 Qc7 31. Nxe7+ Qxe7 32. Re1 (32. Bd5+ Kf8
33. dxc5 Nf5 34. Re1 $132) 32... Qc7 33. dxc5 Nf7 (33... Nf5 34. Qa2+ Kf8 35.
Qd5 Ne7 36. Qd4 $44 (36. Qd6 $2 Qxd6 37. cxd6 Nf5 38. Rd1 Ke8 39. g4 Nh4 40.
Bc6+ Bd7 41. Re1+ Kd8 42. Re7 (42. Bxd7 Nf3+ $19) 42... Bxc6 43. Rxg7 Nf3+ 44.
Kf2 Nxh2 45. Kg3 Nf1+ 46. Kf2 Nd2 $17)) 34. Qd4 Bf8 35. c6 Kg7 36. Kh1 a5 37.
h3 Bb4 38. Re2 h5 39. h4 Nd6 40. Kh2 Nf5 41. Qc4 Ne7 42. Bh3 f5 (42... Bxh3 43.
Kxh3 Bd6 $11) 43. Qd4+ Kf7 44. Qc4+ Kg7 45. Qd4+ Kf7 46. Qc4+ Kg7 47. Bg2
1/2-1/2

[Event "Groningen Festival"]
[Site "Groningen"]
[Date "1998.12.20"]
[Round "1"]
[White "Piket, Jeroen"]
[Black "Asrian, Karen"]
[Result "1/2-1/2"]
[WhiteElo "2605"]
[BlackElo "2600"]
[Annotator "Tsesarsky,I"]
[PlyCount "59"]
[EventDate "1998.12.20"]
[EventType "tourn"]
[EventRounds "10"]
[EventCountry "NED"]
[EventCategory "16"]
[SourceTitle "CBM 069"]
[Source "ChessBase"]
[SourceDate "1999.04.01"]
[SourceVersion "1"]
[SourceVersionDate "1999.04.01"]
[SourceQuality "1"]

{[%mdl 16]} 1. d4 d5 2. c4 e6 3. Nf3 Nf6 4. e3 c5 5. cxd5 exd5 6. Bb5+ Bd7 7.
Bxd7+ Nbxd7 8. dxc5 Nxc5 9. O-O Be7 (9... Bd6 10. b3 (10. Bd2 O-O 11. Bc3 Nfe4
12. Bd4 Ne6 13. Nc3 Qa5 (13... Nxd4 14. Qxd4 Nxc3 15. Qxc3 Qb6 16. Rac1 $14)
14. Ne2 Rac8 15. Qb3 Rc4 16. a3 Qa6 $11 {1-0 Malaniuk,V-Zelcic,R/Nova Gorica
1997/EXP 56/(36)}) (10. Nc3 a6 11. b3 O-O 12. Bb2 Rc8 13. Rc1 Re8 14. Qd4 Ne6
15. Qd3 Qa5 16. Rfd1 $14 (16. a3 d4 17. Ne2 Rxc1 18. Rxc1 Nc5 19. Qd1 Nce4 (
19... dxe3 20. Qxd6 exf2+ 21. Kf1 $14) 20. b4 Qh5 21. Nf4 Qh6 22. Qxd4 Bxf4 23.
exf4 Qxf4 $132 {0-1 Eingorn,V-Agzamov,G/USSR 1983/Inf 35 (57)})) 10... O-O 11.
Bb2 Nce4 12. Nc3 Rc8 13. Rc1 Bb4 14. Nxe4 dxe4 15. Qxd8 Rfxd8 16. Ng5 Rxc1 17.
Rxc1 Rd2 18. Bxf6 gxf6 19. Nxe4 Rxa2 20. Nxf6+ Kg7 21. Nh5+ Kh6 22. g4 $14 {
1/2-1/2 Kharitonov,A-Asrian,K/Smolensk RUS 1997 (37)}) (9... Nce4 10. Bd2 Bc5
11. Bc3 O-O 12. Bd4 Rc8 13. Nbd2 Bxd4 14. Nxd4 Qb6 15. Nxe4 dxe4 16. Qb3 Qxb3
17. axb3 a6 18. Rfc1 Nd5 $11 {1-0 Rashkovsky,N-Loginov,A/Moscow op2 1995/EXP
50 (41)}) 10. Nc3 (10. Bd2 O-O 11. Bc3 Nfe4 (11... Rc8 12. Bd4 Nfe4 13. Nc3 Ne6
14. Be5 Nxc3 15. Bxc3 h6 16. h3 $14 {1-0 Malaniuk,V-Caposciutti,M/Forli 1992 
(59)}) 12. Bd4 Ne6 13. Nc3 Nxd4 14. Nxd4 Nxc3 (14... Bf6 15. Qb3 Nd2) 15. bxc3
Qa5 16. Qb3 Rab8 $11 {1-0 Eingorn,V-Polaczek,R/Stockholm 1989/Inf 49/ (70)}) (
10. b3 O-O 11. Bb2 Qd7 12. Nc3 Rad8 13. Rc1 Rfe8 14. Ne2 Nfe4 15. Nf4 a6 16.
Rc2 Bf8 17. Qa1 Qf5 18. Rfc1 $14 {1/2-1/2 Hellsten,J-Hall,J/ch-SWE, Ronneby
SWE 1998 (25)}) 10... O-O 11. b3 Nce4 (11... Rc8 12. Bb2 Nce4 (12... Qd7 13.
Rc1 Rfd8 14. Qe2 Nfe4 15. Rfd1 $14 {1-0 Urday,H-Vasquez,R/Palma de Mallorca
1991 (36)}) (12... Nfe4 13. Ne2 Qa5 14. a3 Rfd8 {1/2-1/2 Cvitan,O-Schmittdiel,
E/Liechtenstein ,EXT 1994 (14)}) 13. Nxe4 dxe4 14. Qxd8 Rfxd8 15. Nd4 g6 16.
Rac1 Nd5 17. Rfd1 $11 {1/2-1/2 Legky,N-Rodriguez,A/Aosta ,EXT 1990 (21)}) 12.
Ne2 $11 (12. Bb2 Rc8 (12... Qa5 13. Qd3 {1/2-1/2 Savon,V-Volzhin,A/Zepter Open,
Minsk BLR 1998 (13)}) 13. Ne2 (13. Qd3 Qa5 14. Rfc1 Bb4 $11) 13... Qa5 14. a3
Rfd8 15. Nfd4 Qa6 16. Nf4 Bf8 17. Qd3 Qxd3 18. Nxd3 Nc5 19. Rfd1 Nxd3 20. Rxd3
Ne4 21. f3 Nc5 22. Rc3 Ne6 23. Rxc8 Rxc8 24. b4 g6 $11 {1/2-1/2 Hebden,
M-Magomedov,M/Dhaka 1995/CBM 48/ (41)}) 12... Qa5 13. Bb2 {In openings like
this - with pawn structure with isolated P - enouph to change 2 pars of B -
and it will be drawn position.} Ba3 $1 14. Bxa3 (14. Bxf6 Nxf6 15. Qd3 Rac8 16.
Rad1 Rc5 $15) 14... Qxa3 15. Qc1 (15. Nfd4 Rfe8 16. f3 Ng5 17. Qd2 $11) 15...
Qb4 (15... Qe7 $11) 16. Qb2 a5 $6 (16... Rac8 17. Ned4 Qc3 18. Qxc3 Rxc3 19.
Rac1 Rfc8 20. Rxc3 Rxc3 $11) 17. a3 (17. Ned4 a4 (17... Rfc8 18. Rac1 $14) 18.
a3 Qb6 19. b4 Rac8 20. Rac1 $14) 17... Qb6 18. h3 (18. Ned4 Rfc8 19. Rac1 $14)
18... Rfc8 19. Nfd4 a4 20. Rfb1 $6 $11 (20. b4 Nd6 21. Rfc1 Nc4 22. Qa2 Qa6 (
22... Ne4 23. Rc2 Qf6 24. Nf4 $16) 23. Nc3 Qd6 24. Rc2 $14) 20... axb3 21. Qxb3
Qxb3 22. Rxb3 Nd6 (22... Nc5 $11) 23. Rb6 Ra6 24. Rxa6 bxa6 25. Rb1 Nc4 (25...
a5 26. Nf4 g5 27. Nfe2 Nc4 28. Rb5 Nxa3 29. Rxa5 Nc4 $11) 26. Rb7 g6 27. Ra7 a5
28. Nb5 Ne4 29. Ned4 h5 30. g3 $11 (30. Nb3 Nxa3 $1 31. Nxa3 Rc3 32. Nxa5 Rxa3
33. Nc6 $11) 1/2-1/2